Research and management techniques for wildlife and habitats /
Guardado en:
| Autor Corporativo: | |
|---|---|
| Otros Autores: | |
| Formato: | Libro |
| Idioma: | English |
| Publicado: |
Bethesda, Md. :
Wildlife Society,
1996.
|
| Edición: | 5th ed., rev. |
| Materias: | |
| Etiquetas: |
Agregar Etiqueta
Sin Etiquetas, Sea el primero en etiquetar este registro!
|
| LEADER | 01107cam a2200301 a 4500 | ||
|---|---|---|---|
| 001 | MAT.inmabb005329 | ||
| 008 | 940422s1996####mdua#####b####001#0#eng#d | ||
| 005 | 20170524120907.0 | ||
| 245 | 0 | 0 | |a Research and management techniques for wildlife and habitats / |c edited by Theodore A. Bookhout. |
| 250 | |a 5th ed., rev. | ||
| 260 | |a Bethesda, Md. : |b Wildlife Society, |c 1996. | ||
| 300 | |a xiii, 740 p. : |b il. ; |c 29 cm. | ||
| 500 | |a Reimpr. rev. de: 5th ed. 1994. | ||
| 500 | |a Ed. rev. de: Wildlife management techniques manual. 4th ed. 1980. | ||
| 504 | |a Incluye referencias bibliográficas e índice. | ||
| 020 | |a 093586881X | ||
| 020 | |a 0933564104 | ||
| 700 | 1 | |a Bookhout, Theodore A. |q (Theodore Arnold) |4 edt | |
| 710 | 2 | |a Wildlife Society. | |
| 730 | 0 | |a Wildlife management techniques manual. | |
| 650 | 0 | |a Wildlife management |x Technique. | |
| 650 | 0 | |a Wildlife research |x Technique. | |
| 650 | 0 | |a Wildlife habitat improvement. | |
| 650 | 0 | |a Habitat conservation. | |
| 084 | |a 92Bxx |2 msc2000 | ||
| 010 | |a 93061624 | ||
| 040 | |a OrCS |c OrCS |d DLC |d WaU | ||
| 859 | |h 92 |i R432-5 |p A-8062 |b BIB. MATEMATICA | ||
